[Event "Aut_chT1112"]
[Site "Jenbach"]
[Date "2012.03.01"]
[Round "4"]
[Board "5"]
[White "Schreiner, Peter"]
[Black "Maurer, Jochen"]
[Result "1-0"]
[WhiteElo "2377"]
[BlackElo "2276"]
[PlyCount "111"]
[EventDate "2012.01.20"]
[EventType "team"]
[EventRounds "11"]
[EventCountry "AUT"]
[WhiteTeam "SV Raika Rapid Feffernitz"]
[BlackTeam "SpGem. Kufstein Woergl"]

1. d4 Nf6 2. c4 g6 3. g3 Bg7 4. Bg2 O-O 5. Nc3 d6 6. Nf3 Nc6 7. O-O a6 8. d5
Na5 9. b3 c5 10. dxc6 Nxc6 11. Bb2 Qa5 12. Qc1 Bd7 13. Rd1 Rac8 14. Nd5 Nxd5
15. Rxd5 Qc7 16. Bxg7 Kxg7 17. Qb2+ f6 18. Rad1 Nb4 19. R5d2 a5 20. Nd4 Na6 21.
Qc3 Nc5 22. Qe3 Rfe8 23. Bd5 e5 24. Nb5 Bxb5 25. cxb5 Ne6 26. Qa7 Qc5 27. Qxb7+
Rc7 28. Qa6 Nd4 29. b6 Rce7 30. Bg2 h5 31. e3 Nf5 32. Rd5 Qc2 33. Qxa5 h4 34.
R5d2 Qc8 35. b7 Qe6 36. Bd5 Qd7 37. Qb6 Rb8 38. a4 hxg3 39. hxg3 e4 40. Qc6 Nh4
41. Qxd7 Nf3+ 42. Kg2 Rxd7 43. Rc2 f5 44. Rc8 Rbxb7 45. Bxb7 Rxb7 46. Rc3 Kf6
47. a5 Ke5 48. a6 Ra7 49. Rc6 d5 50. b4 g5 51. b5 f4 52. b6 Rh7 53. exf4+ gxf4
54. gxf4+ Kxf4 55. Rf6+ Kg4 56. Rh1 1-0

[Event "Aut_chT1112"]
[Site "Jenbach"]
[Date "2012.03.01"]
[Round "4"]
[Board "6"]
[White "Rusche, Johannes"]
[Black "Perhinig, Robert"]
[Result "1-0"]
[WhiteElo "2233"]
[BlackElo "2253"]
[PlyCount "65"]
[EventDate "2012.01.20"]
[EventType "team"]
[EventRounds "11"]
[EventCountry "AUT"]
[WhiteTeam "SpGem. Kufstein Woergl"]
[BlackTeam "SV Raika Rapid Feffernitz"]

1. e4 e6 2. d4 d5 3. Nc3 dxe4 4. Nxe4 Nd7 5. Nf3 Ngf6 6. Ng3 Be7 7. Bc4 O-O 8.
O-O c5 9. c3 Qc7 10. Qe2 Nb6 11. Bb3 Nbd5 12. Re1 cxd4 13. Nxd4 Bc5 14. Nb5 Qb6
15. c4 Bd7 16. Bd2 Bxb5 17. cxb5 Rad8 18. Rad1 Rd7 19. Bg5 Rfd8 20. Bxd5 Rxd5
21. Rxd5 Rxd5 22. Bxf6 gxf6 23. Rc1 Kf8 24. a4 f5 25. Nf1 Qd6 26. g3 f4 27. b4
Bxb4 28. Rc8+ Ke7 29. Qg4 Kf6 30. Rg8 Rf5 31. Qh4+ Ke5 32. g4 Rf6 33. Qg5+ 1-0

[Event "Aut_chT1112"]
[Site "Jenbach"]
[Date "2012.03.01"]
[Round "4"]
[Board "3"]
[White "Gyimesi, Zoltan"]
[Black "Socko, Bartosz"]
[Result "1-0"]
[WhiteElo "2652"]
[BlackElo "2647"]
[PlyCount "117"]
[EventDate "2012.01.20"]
[EventType "team"]
[EventRounds "11"]
[EventCountry "AUT"]
[WhiteTeam "SK Sparkasse Jenbach"]
[BlackTeam "SK Advisory Invest Baden"]

1. d4 Nf6 2. c4 e6 3. Nf3 d5 4. Nc3 c5 5. cxd5 Nxd5 6. e4 Nxc3 7. bxc3 cxd4 8.
cxd4 Bb4+ 9. Bd2 Bxd2+ 10. Qxd2 O-O 11. Rc1 b6 12. Bd3 Bb7 13. O-O Nd7 14. Qf4
Rc8 15. Rxc8 Qxc8 16. Rc1 Qb8 17. Qxb8 Rxb8 18. Rc7 Nf6 19. Ng5 h6 20. Nxf7
Bxe4 21. Bxe4 Nxe4 22. f3 Nf6 23. Rxa7 Rc8 24. g4 Nd5 25. g5 Rc7 26. Rxc7 Nxc7
27. gxh6 Nb5 28. Kf2 gxh6 29. Ne5 Nxd4 30. a4 Kg7 31. Ke3 Nf5+ 32. Ke4 Nd6+ 33.
Kd4 Nf5+ 34. Ke4 Nd6+ 35. Kd3 Nc8 36. Nc4 Kf6 37. Ke4 h5 38. Kf4 e5+ 39. Ke4
Ke6 40. h4 Kf6 41. Nxe5 Nd6+ 42. Kd5 Nf5 43. Nd7+ Ke7 44. Nxb6 Kd8 45. Ke4 Nxh4
46. f4 Ng2 47. a5 Kc7 48. f5 Nh4 49. f6 Ng6 50. Kf5 Nf8 51. f7 h4 52. Kg4 Ng6
53. Kg5 h3 54. Kxg6 h2 55. f8=Q h1=Q 56. Qc8+ Kd6 57. Nc4+ Ke7 58. Qc7+ Ke8 59.
Nd6+ 1-0

[Event "Aut_chT1112"]
[Site "Jenbach"]
[Date "2012.03.01"]
[Round "4"]
[Board "4"]
[White "Beliavsky, Alexander"]
[Black "Schlosser, Philipp"]
[Result "1/2-1/2"]
[WhiteElo "2630"]
[BlackElo "2593"]
[PlyCount "69"]
[EventDate "2012.01.20"]
[EventType "team"]
[EventRounds "11"]
[EventCountry "AUT"]
[WhiteTeam "SK Advisory Invest Baden"]
[BlackTeam "SK Sparkasse Jenbach"]

1. d4 Nf6 2. c4 e6 3. g3 d5 4. Bg2 Bb4+ 5. Bd2 Be7 6. Nf3 c6 7. Qc2 Nbd7 8. O-O
b6 9. Bf4 O-O 10. Rd1 Bb7 11. Nc3 dxc4 12. Nd2 Nd5 13. Nxc4 Nxf4 14. gxf4 Qc7
15. e3 Rad8 16. Rac1 c5 17. d5 exd5 18. Nxd5 Bxd5 19. Bxd5 b5 20. Nd2 c4 21.
Nb1 Nb6 22. Be4 g6 23. Nc3 Qc5 24. Bf3 Rxd1+ 25. Rxd1 Rd8 26. Rxd8+ Bxd8 27. b3
Be7 28. bxc4 Qxc4 29. Qd2 b4 30. Nd5 Nxd5 31. Bxd5 Qb5 32. Qd1 a5 33. Bb3 Qc6
34. h3 Bf6 35. Kh2 1/2-1/2

[Event "Aut_chT1112"]
[Site "Jenbach"]
[Date "2012.03.01"]
[Round "4"]
[Board "5"]
[White "Bischoff, Klaus"]
[Black "Jankovic, Alojzije"]
[Result "1/2-1/2"]
[WhiteElo "2521"]
[BlackElo "2553"]
[PlyCount "111"]
[EventDate "2012.01.20"]
[EventType "team"]
[EventRounds "11"]
[EventCountry "AUT"]
[WhiteTeam "SK Sparkasse Jenbach"]
[BlackTeam "SK Advisory Invest Baden"]

1. c4 c5 2. Nf3 Nc6 3. Nc3 e5 4. e3 Nf6 5. b3 g6 6. Bb2 Bg7 7. Qb1 O-O 8. Be2
Re8 9. d3 d5 10. cxd5 Nxd5 11. Nxd5 Qxd5 12. O-O b6 13. Nd2 Bb7 14. Rd1 Rad8
15. Bf1 Nb4 16. Nc4 b5 17. a3 Na6 18. Na5 Ba8 19. a4 b4 20. Qc2 Nc7 21. Rac1
Ne6 22. Nc4 f6 23. Nd2 Qd7 24. Be2 Qd5 25. Bf1 Qd7 26. Be2 Qd5 27. Nf3 Bb7 28.
Ne1 Ba6 29. h4 f5 30. Nf3 Bf6 31. Rd2 Bb7 32. Re1 Qd6 33. g3 Bg7 34. Rdd1 f4
35. gxf4 exf4 36. Bxg7 Bxf3 37. Bxf3 Kxg7 38. Bg2 fxe3 39. fxe3 Qg3 40. Qf2 Qg4
41. Kh2 Rf8 42. Qg3 Qh5 43. Rd2 Rf7 44. Rf1 Rxf1 45. Bxf1 Rf8 46. Bg2 Kh6 47.
Rc2 Qd1 48. Rc4 Qxd3 49. Re4 Rf6 50. Qe5 Qd8 51. Kg3 Kg7 52. Bh3 Qd1 53. Bxe6
Qg1+ 54. Kh3 Qh1+ 55. Kg3 Qg1+ 56. Kh3 1/2-1/2

[Event "Aut_chT1112"]
[Site "Jenbach"]
[Date "2012.03.01"]
[Round "4"]
[Board "6"]
[White "Shengelia, David"]
[Black "Boensch, Uwe"]
[Result "1/2-1/2"]
[WhiteElo "2558"]
[BlackElo "2530"]
[PlyCount "89"]
[EventDate "2012.01.20"]
[EventType "team"]
[EventRounds "11"]
[EventCountry "AUT"]
[WhiteTeam "SK Advisory Invest Baden"]
[BlackTeam "SK Sparkasse Jenbach"]

1. d4 Nf6 2. c4 e6 3. Nf3 d5 4. e3 Be7 5. Nc3 O-O 6. a3 b6 7. Bd3 dxc4 8. Bxc4
c5 9. Qe2 cxd4 10. exd4 Nc6 11. Be3 Na5 12. Ba2 Bb7 13. b4 Rc8 14. Rc1 Bxf3 15.
Qxf3 Nc4 16. Bxc4 Rxc4 17. O-O a5 18. Ne4 Rxc1 19. Nxf6+ Bxf6 20. Rxc1 axb4 21.
axb4 Qd6 22. b5 Bxd4 23. Qc6 Qe5 24. Bxd4 Qxd4 25. h3 g6 26. Rc4 Qa1+ 27. Kh2
Qe5+ 28. g3 Qb8 29. Qd7 Rd8 30. Qe7 Re8 31. Qd7 Qd8 32. Qxd8 Rxd8 33. Rc6 Rb8
34. g4 g5 35. Kg3 Kg7 36. h4 h6 37. f4 Kf6 38. fxg5+ hxg5 39. h5 Ke5 40. Rc7
Kf6 41. Kf3 Rd8 42. Rc6 Rd3+ 43. Kg2 Rd4 44. Kf3 Rd3+ 45. Kg2 1/2-1/2

[Event "Aut_chT1112"]
[Site "Jenbach"]
[Date "2012.03.02"]
[Round "5"]
[Board "2"]
[White "Hera, Imre"]
[Black "Balogh, Csaba"]
[Result "1/2-1/2"]
[WhiteElo "2555"]
[BlackElo "2664"]
[PlyCount "43"]
[EventDate "2012.01.20"]
[EventType "team"]
[EventRounds "11"]
[EventCountry "AUT"]
[WhiteTeam "SK Sparkasse Fuerstenfeld"]
[BlackTeam "SK Advisory Invest Baden"]

1. d4 d5 2. c4 c6 3. Nf3 Nf6 4. Nc3 dxc4 5. a4 Bf5 6. Ne5 e6 7. f3 Bb4 8. e4
Bxe4 9. fxe4 Nxe4 10. Bd2 Qxd4 11. Nxe4 Qxe4+ 12. Qe2 Bxd2+ 13. Kxd2 Qd5+ 14.
Kc2 Na6 15. Nxc4 O-O 16. Qe5 Rab8 17. Rd1 Nb4+ 18. Kc1 Na2+ 19. Kc2 Nb4+ 20.
Kc1 Na2+ 21. Kc2 Nb4+ 22. Kc1 1/2-1/2

[Event "Aut_chT1112"]
[Site "Jenbach"]
[Date "2012.03.02"]
[Round "5"]
[Board "3"]
[White "Socko, Bartosz"]
[Black "Pinter, Jozsef"]
[Result "1/2-1/2"]
[WhiteElo "2647"]
[BlackElo "2548"]
[PlyCount "103"]
[EventDate "2012.01.20"]
[EventType "team"]
[EventRounds "11"]
[EventCountry "AUT"]
[WhiteTeam "SK Advisory Invest Baden"]
[BlackTeam "SK Sparkasse Fuerstenfeld"]

1. e4 e5 2. Nf3 Nc6 3. Bb5 a6 4. Bxc6 dxc6 5. O-O Bd6 6. d4 exd4 7. Qxd4 f6 8.
Be3 Be6 9. Nbd2 Ne7 10. Qc3 O-O 11. Rad1 Qe8 12. Nc4 Bxc4 13. Qxc4+ Qf7 14. Nd2
Rfe8 15. Qxf7+ Kxf7 16. f4 f5 17. e5 Nd5 18. Bd4 Be7 19. c4 Nb6 20. b3 Ke6 21.
Nf3 c5 22. Bf2 a5 23. a4 Nd7 24. Bh4 Bxh4 25. Nxh4 Nf8 26. Rd5 b6 27. Rf3 g6
28. Rfd3 Kf7 29. Nf3 Ne6 30. g3 Re7 31. Kf2 h6 32. h4 h5 33. Ke3 Rae8 34. Rd1
Kf8 35. R5d3 Kf7 36. Rd5 Kf8 37. Ng1 Nd4 38. Rb1 Nc2+ 39. Kf2 Nd4 40. Nh3 Ne6
41. Re1 Rc8 42. Ng5 Nxg5 43. fxg5 Rce8 44. Kf3 Kf7 45. Kf4 Ke6 46. Red1 Kf7 47.
R1d3 Ke6 48. Rd8 Kf7 49. R3d7 Rxd8 50. Rxd8 Re8 51. Rd7+ Re7 52. Rd8 1/2-1/2

[Event "Aut_chT1112"]
[Site "Jenbach"]
[Date "2012.03.02"]
[Round "5"]
[Board "4"]
[White "Kuba, Guenter"]
[Black "Jankovic, Alojzije"]
[Result "1/2-1/2"]
[WhiteElo "2384"]
[BlackElo "2553"]
[PlyCount "177"]
[EventDate "2012.01.20"]
[EventType "team"]
[EventRounds "11"]
[EventCountry "AUT"]
[WhiteTeam "SK Sparkasse Fuerstenfeld"]
[BlackTeam "SK Advisory Invest Baden"]

1. e4 c5 2. Nf3 Nc6 3. Bb5 e6 4. O-O Nge7 5. Re1 Ng6 6. c3 d5 7. exd5 Qxd5 8.
d4 cxd4 9. c4 Qd6 10. Nxd4 Bd7 11. Be3 Qc7 12. Nc3 Bd6 13. Qh5 O-O 14. Rad1
Rfd8 15. Nf3 Bf8 16. Ba4 Be8 17. c5 h6 18. Bc2 Nce7 19. Qg4 Rxd1 20. Rxd1 Rd8
21. Rxd8 Qxd8 22. Qd4 Qc8 23. b4 Nf5 24. Bxf5 exf5 25. a4 a5 26. Nb5 f4 27. Bd2
Qf5 28. Nd6 Qb1+ 29. Ne1 Bxa4 30. Nxb7 axb4 31. Qxb4 Qxb4 32. Bxb4 Ne5 33. Nd6
f6 34. g3 f3 35. Bc3 Nd7 36. Nxf3 Nxc5 37. Nf5 Ne4 38. Bb2 Kf7 39. N3d4 Bc5 40.
f3 Nd2 41. Kf2 Nc4 42. Bc3 h5 43. g4 Bd7 44. h3 Bxf5 45. gxf5 Nd6 46. Ke2 Bxd4
47. Bxd4 Nxf5 48. Bb6 Kg6 49. Bc7 Kg5 50. Kf2 Kh4 51. Kg2 Ne3+ 52. Kh2 Kg5 53.
Kg3 h4+ 54. Kh2 Nd5 55. Bb8 Kf5 56. Kg2 Nf4+ 57. Kh2 Nd3 58. Kg2 Ke6 59. f4 Kf5
60. Kf3 Nc5 61. Bc7 Nb3 62. Bb8 Nd4+ 63. Ke3 Ne6 64. Kf3 g5 65. fxg5 Nxg5+ 66.
Kg2 Ke4 67. Bd6 Ne6 68. Be7 Nf4+ 69. Kh2 Nd5 70. Bd8 Kf3 71. Ba5 Kf2 72. Bd8
Kf1 73. Kh1 Kf2 74. Kh2 Kf3 75. Ba5 Nf4 76. Bd8 Nd5 77. Ba5 Ke2 78. Bd8 Ke3 79.
Kg2 Ke2 80. Kh2 f5 81. Bxh4 f4 82. Kg1 Nc3 83. Bf2 Ne4 84. Bb6 f3 85. h4 Nf6
86. Ba7 Nh5 87. Bb6 Nf4 88. Ba7 Nh3+ 89. Kh2 1/2-1/2

[Event "Aut_chT1112"]
[Site "Jenbach"]
[Date "2012.03.02"]
[Round "5"]
[Board "5"]
[White "Shengelia, David"]
[Black "Feher, Adam"]
[Result "1/2-1/2"]
[WhiteElo "2558"]
[BlackElo "2336"]
[PlyCount "116"]
[EventDate "2012.01.20"]
[EventType "team"]
[EventRounds "11"]
[EventCountry "AUT"]
[WhiteTeam "SK Advisory Invest Baden"]
[BlackTeam "SK Sparkasse Fuerstenfeld"]

1. d4 d5 2. Nf3 Nf6 3. c4 e6 4. e3 a6 5. b3 c5 6. Bb2 cxd4 7. exd4 Nc6 8. Bd3
g6 9. O-O Bg7 10. Nbd2 O-O 11. Rc1 b6 12. Ba3 Ne7 13. Ne5 Bb7 14. c5 bxc5 15.
Bxc5 Re8 16. b4 Nd7 17. Nxd7 Qxd7 18. Nb3 e5 19. dxe5 Bxe5 20. Na5 Nc6 21. Qa4
Qc7 22. Nxb7 Qxb7 23. Rfe1 Re6 24. g3 Bd4 25. Rxe6 fxe6 26. Bd6 Qf7 27. Rc2 Ne5
28. Bxe5 Bxe5 29. b5 Rf8 30. bxa6 Bb8 31. Qg4 Ba7 32. Qe2 Qf6 33. Kg2 e5 34.
Bb5 e4 35. Bc6 Qe5 36. Qb5 Rd8 37. Rd2 e3 38. Bxd5+ Kh8 39. fxe3 Bxe3 40. Rd3
Bd4 41. Bc6 Qe2+ 42. Kh3 Qe6+ 43. g4 h5 44. Bf3 Rf8 45. Qg5 Kg7 46. Kg2 hxg4
47. Qxg4 Qxa2+ 48. Be2 Qd5+ 49. Rf3 Bc5 50. h4 Rxf3 51. Bxf3 Qd4 52. Kh3 Qxg4+
53. Kxg4 Kf6 54. Kf4 Bb6 55. Ke4 g5 56. h5 g4 57. Bxg4 Kg7 58. Kf5 Ba7 1/2-1/2

[Event "Aut_chT1112"]
[Site "Jenbach"]
[Date "2012.03.02"]
[Round "5"]
[Board "6"]
[White "Radnetter, Georg"]
[Black "Lendwai, Reinhard"]
[Result "1-0"]
[WhiteElo "2269"]
[BlackElo "2395"]
[PlyCount "175"]
[EventDate "2012.01.20"]
[EventType "team"]
[EventRounds "11"]
[EventCountry "AUT"]
[WhiteTeam "SK Sparkasse Fuerstenfeld"]
[BlackTeam "SK Advisory Invest Baden"]

1. Nf3 d5 2. d4 c6 3. c4 dxc4 4. e3 b5 5. a4 e6 6. axb5 cxb5 7. b3 Bb4+ 8. Bd2
Bxd2+ 9. Nbxd2 Nf6 10. bxc4 bxc4 11. Bxc4 O-O 12. Ne5 Bb7 13. O-O Nbd7 14. Nxd7
Qxd7 15. Qe2 Rfc8 16. Rfc1 Qc6 17. f3 Qd6 18. Nb3 Bd5 19. Nc5 e5 20. Ba6 Rc7
21. Qb2 e4 22. f4 g6 23. Rc3 Re7 24. Ra5 Rb8 25. Rb5 Rxb5 26. Qxb5 Re8 27. Nb7
Qe7 28. Na5 Ba8 29. Nc6 Qd6 30. Nxa7 Rb8 31. Qxb8+ Qxb8 32. Rc8+ Qxc8 33. Bxc8
Nd5 34. Kf2 h5 35. Nb5 Kf8 36. Ke2 Bc6 37. Na3 Ke7 38. Kd2 h4 39. Ba6 Kf6 40.
Be2 g5 41. g3 hxg3 42. hxg3 gxf4 43. gxf4 Ke7 44. Nc4 Bb5 45. Nb6 Nxb6 46. Bxb5
f5 47. Kc3 Nd5+ 48. Kd2 Nb6 49. Be2 Kd6 50. Bd1 Nc4+ 51. Ke2 Nb6 52. Bb3 Nd7
53. Kd2 Nf6 54. Bc4 Ng4 55. Ba6 Kd7 56. Bf1 Ke6 57. Bh3 Nf6 58. Bf1 Kd6 59. Bc4
Ng4 60. Bf7 Ke7 61. Bg6 Kf6 62. Bh5 Nh6 63. d5 Ng8 64. Kc3 Ne7 65. Kd4 Nc8 66.
Kc5 Ke7 67. Bg6 Nd6 68. Kc6 Nc4 69. Bxf5 Nxe3 70. d6+ Kd8 71. Bxe4 Ng4 72. Bf5
Nf6 73. Be6 Nh5 74. f5 Nf6 75. Bb3 Kc8 76. Bc4 Kd8 77. Ba6 Ke8 78. Bc8 Kd8 79.
Bb7 Ne4 80. Kd5 Nf6+ 81. Ke6 Nd7 82. Bc6 Nc5+ 83. Kd5 Nd3 84. f6 Nf4+ 85. Ke5
Ng6+ 86. Kf5 Nh8 87. Ke6 Ng6 88. f7 1-0

[Event "Aut_chT1112"]
[Site "Jenbach"]
[Date "2012.03.02"]
[Round "5"]
[Board "2"]
[White "Gustafsson, Jan"]
[Black "Zelbel, Patrick"]
[Result "1-0"]
[WhiteElo "2642"]
[BlackElo "2379"]
[PlyCount "83"]
[EventDate "2012.01.20"]
[EventType "team"]
[EventRounds "11"]
[EventCountry "AUT"]
[WhiteTeam "SK Sparkasse Jenbach"]
[BlackTeam "SpGem. Kufstein Woergl"]

1. d4 Nf6 2. Nf3 g6 3. c4 Bg7 4. g3 O-O 5. Bg2 d6 6. O-O Nc6 7. Nc3 a6 8. Qd3
Bd7 9. d5 Nb4 10. Qd1 a5 11. Be3 c6 12. Qd2 cxd5 13. cxd5 Rc8 14. Rac1 Re8 15.
Bd4 h6 16. h3 Rc4 17. Rfe1 a4 18. e4 e5 19. dxe6 Bxe6 20. Bf1 Rc8 21. a3 Nc6
22. Be3 Na5 23. Nd4 Nc4 24. Bxc4 Rxc4 25. Nxe6 Rxe6 26. f3 Kh7 27. Qd3 Rc6 28.
Nxa4 Nd7 29. Rxc6 bxc6 30. Kg2 Qa5 31. Nc3 d5 32. exd5 cxd5 33. Qxd5 Qxd5 34.
Nxd5 Bxb2 35. a4 Nc5 36. a5 Ra6 37. Rb1 Na4 38. Nb6 Nxb6 39. axb6 Ra2 40. b7
Be5+ 41. Kf1 Bxg3 42. f4 1-0

[Event "Aut_chT1112"]
[Site "Jenbach"]
[Date "2012.03.02"]
[Round "5"]
[Board "3"]
[White "Koepke, Christian"]
[Black "Gyimesi, Zoltan"]
[Result "0-1"]
[WhiteElo "2398"]
[BlackElo "2652"]
[PlyCount "96"]
[EventDate "2012.01.20"]
[EventType "team"]
[EventRounds "11"]
[EventCountry "AUT"]
[WhiteTeam "SpGem. Kufstein Woergl"]
[BlackTeam "SK Sparkasse Jenbach"]

1. e4 e5 2. f4 exf4 3. Nf3 d6 4. d4 g5 5. Nc3 Bg7 6. g3 Nc6 7. Bb5 g4 8. Nh4 f3
9. Be3 Nge7 10. Qd2 a6 11. Bxc6+ bxc6 12. O-O-O h5 13. Rde1 f6 14. h3 Kf7 15.
Bf4 Ng6 16. Nxg6 Kxg6 17. Nd1 c5 18. hxg4 hxg4 19. Rxh8 Qxh8 20. dxc5 Be6 21.
cxd6 cxd6 22. Ne3 Qh5 23. Qxd6 Qa5 24. Rh1 Qxa2 25. Nf5 Qa1+ 26. Kd2 Qa5+ 27.
b4 Qd8 28. Ke3 Qxd6 29. Nxd6 Bf8 30. Rc1 Bxd6 31. Bxd6 Rc8 32. c4 Bxc4 33. Bf4
Kf7 34. Rc2 Ke6 35. Rc1 f5 36. e5 Kd5 37. Rd1+ Kc6 38. e6 Re8 39. Rd6+ Kb5 40.
Kf2 Kxb4 41. Rb6+ Kc5 42. Be3+ Kd5 43. Bd2 Rxe6 44. Rxe6 Kxe6 45. Ke3 Kd5 46.
Be1 Bb5 47. Ba5 Kc4 48. Be1 Bd7 0-1

[Event "Aut_chT1112"]
[Site "Jenbach"]
[Date "2012.03.02"]
[Round "5"]
[Board "4"]
[White "Schlosser, Philipp"]
[Black "Neuschmied, Siegfried"]
[Result "1-0"]
[WhiteElo "2593"]
[BlackElo "2308"]
[PlyCount "92"]
[EventDate "2012.01.20"]
[EventType "team"]
[EventRounds "11"]
[EventCountry "AUT"]
[WhiteTeam "SK Sparkasse Jenbach"]
[BlackTeam "SpGem. Kufstein Woergl"]

1. d4 Nf6 2. c4 e6 3. Nf3 d5 4. g3 dxc4 5. Bg2 a6 6. Ne5 c5 7. Na3 Ra7 8. dxc5
Qxd1+ 9. Kxd1 Bxc5 10. Naxc4 O-O 11. Nd3 Bd4 12. Bf4 Bd7 13. Rc1 b5 14. Nce5
Nd5 15. Bxd5 exd5 16. Nxd7 Nxd7 17. Rc6 Bf6 18. Kd2 g5 19. Bd6 Re8 20. Rhc1 Re6
21. Rc8+ Kg7 22. Bc7 Be7 23. g4 Re4 24. f3 Rc4 25. b3 Rxc1 26. Kxc1 Nf8 27.
Be5+ f6 28. Bd4 Rd7 29. Kd2 Ne6 30. Ke3 Rc7 31. Rxc7 Nxc7 32. Bc5 Kf7 33. Kd4
Bd8 34. Bd6 Ke6 35. Bg3 f5 36. Nc5+ Kf6 37. Be5+ Kg6 38. Nb7 Bf6 39. a4 fxg4
40. fxg4 Kf7 41. Nc5 Ke7 42. e3 Kf7 43. Bxf6 Kxf6 44. h3 h6 45. a5 Kf7 46. Ke5
Ke7 1-0

[Event "Aut_chT1112"]
[Site "Jenbach"]
[Date "2012.03.02"]
[Round "5"]
[Board "5"]
[White "Maurer, Jochen"]
[Black "Bischoff, Klaus"]
[Result "0-1"]
[WhiteElo "2276"]
[BlackElo "2521"]
[PlyCount "66"]
[EventDate "2012.01.20"]
[EventType "team"]
[EventRounds "11"]
[EventCountry "AUT"]
[WhiteTeam "SpGem. Kufstein Woergl"]
[BlackTeam "SK Sparkasse Jenbach"]

1. e4 c5 2. Nf3 d6 3. Bb5+ Nd7 4. d4 Ngf6 5. O-O cxd4 6. Qxd4 e5 7. Qd3 h6 8.
Nc3 a6 9. Bc4 b5 10. Bd5 Rb8 11. b4 Be7 12. a4 bxa4 13. Rxa4 O-O 14. Bd2 Nb6
15. Ra5 Nbxd5 16. Nxd5 Nxd5 17. exd5 f5 18. Qe2 Bf6 19. c4 e4 20. Ne1 Qe8 21.
Nc2 Bd8 22. Ra3 f4 23. f3 Bb6+ 24. Kh1 Qh5 25. c5 dxc5 26. Qxe4 Bf5 27. Qc4
Rfc8 28. Rc3 cxb4 29. Qxb4 Rxc3 30. Qxc3 Rc8 31. Qb3 Rxc2 32. d6+ Qf7 33. Qxb6
Rxd2 0-1

[Event "Aut_chT1112"]
[Site "Jenbach"]
[Date "2012.03.02"]
[Round "5"]
[Board "6"]
[White "Boensch, Uwe"]
[Black "Rusche, Johannes"]
[Result "1-0"]
[WhiteElo "2530"]
[BlackElo "2233"]
[PlyCount "81"]
[EventDate "2012.01.20"]
[EventType "team"]
[EventRounds "11"]
[EventCountry "AUT"]
[WhiteTeam "SK Sparkasse Jenbach"]
[BlackTeam "SpGem. Kufstein Woergl"]

1. d4 Nf6 2. c4 c5 3. Nf3 cxd4 4. Nxd4 e5 5. Nb5 d5 6. cxd5 Qa5+ 7. N5c3 b5 8.
Nd2 b4 9. Nb3 Qd8 10. Na4 Qxd5 11. Qxd5 Nxd5 12. e4 Nf6 13. f3 Be7 14. Bb5+ Bd7
15. Bxd7+ Nbxd7 16. Be3 O-O 17. Ke2 Rfb8 18. Rhc1 Bd8 19. Rc6 Kf8 20. Rac1 Ke8
21. Nd2 Bb6 22. Nc4 Bxe3 23. Kxe3 Ke7 24. b3 Ne8 25. Ke2 g6 26. Ne3 Nef6 27.
Nc5 a5 28. Nxd7 Nxd7 29. Nd5+ Kd8 30. Rd6 Rb7 31. Rd1 Raa7 32. g4 h6 33. h4 Ke8
34. h5 gxh5 35. gxh5 a4 36. Rxh6 axb3 37. Rh8+ Nf8 38. axb3 Ra2+ 39. Rd2 Ra1
40. Rc2 Rb8 41. Rc7 1-0

[Event "Aut_chT1112"]
[Site "Jenbach"]
[Date "2012.03.02"]
[Round "5"]
[Board "2"]
[White "Sebenik, Matej"]
[Black "Likavsky, Tomas"]
[Result "1/2-1/2"]
[WhiteElo "2529"]
[BlackElo "2486"]
[PlyCount "92"]
[EventDate "2012.01.20"]
[EventType "team"]
[EventRounds "11"]
[EventCountry "AUT"]
[WhiteTeam "SV Raika Rapid Feffernitz"]
[BlackTeam "SK Zwettl"]

1. d4 d5 2. c4 e6 3. Nf3 a6 4. g3 dxc4 5. Bg2 c5 6. O-O Nc6 7. dxc5 Bxc5 8.
Qxd8+ Kxd8 9. Nbd2 Nf6 10. Nxc4 Ke7 11. Rd1 Ne4 12. Be3 Bxe3 13. fxe3 Nf6 14.
Rac1 Bd7 15. Nfe5 Rhd8 16. Bxc6 Bxc6 17. Nb6 Rxd1+ 18. Rxd1 Rd8 19. Rxd8 Kxd8
20. Nxf7+ Kc7 21. Na8+ Kb8 22. Nb6 Kc7 23. Na8+ Kb8 24. Nb6 Bb5 25. Kf2 Ng4+
26. Kf3 Nxh2+ 27. Kf4 Bxe2 28. Nd7+ Ka7 29. Nf8 h6 30. b3 Bg4 31. Ne5 g5+ 32.
Ke4 Bf5+ 33. Kd4 g4 34. e4 Nf3+ 35. Nxf3 gxf3 36. Ke3 Bxe4 37. Nxe6 Kb6 38. Nd4
Kc5 39. Nxf3 Bb1 40. a3 Kd5 41. Nd4 Bg6 42. Ne2 Bf7 43. Nc3+ Ke5 44. b4 Be8 45.
Ne4 Bc6 46. Nf2 Bd7 1/2-1/2

[Event "Aut_chT1112"]
[Site "Jenbach"]
[Date "2012.03.02"]
[Round "5"]
[Board "3"]
[White "Blatny, Pavel"]
[Black "Okhotnik, Vladimir"]
[Result "1-0"]
[WhiteElo "2396"]
[BlackElo "2489"]
[PlyCount "145"]
[EventDate "2012.01.20"]
[EventType "team"]
[EventRounds "11"]
[EventCountry "AUT"]
[WhiteTeam "SK Zwettl"]
[BlackTeam "SV Raika Rapid Feffernitz"]

1. d4 Nf6 2. Nf3 g6 3. Nc3 d5 4. Bf4 Bg7 5. e3 O-O 6. Be2 c5 7. dxc5 Qa5 8. Nd2
Qxc5 9. Nb3 Qb6 10. Bf3 Be6 11. a4 Nc6 12. a5 Qd8 13. O-O a6 14. Qe2 Ne4 15.
Nxe4 dxe4 16. Bxe4 Bxb3 17. Rfd1 Qc8 18. cxb3 e5 19. Bg3 f5 20. Bd5+ Kh8 21. f3
Qc7 22. Qc4 Rac8 23. Be1 Qb8 24. Be6 Rcd8 25. b4 f4 26. e4 Rd4 27. Rxd4 Nxd4
28. Bf2 Re8 29. Bh3 Qd6 30. Rc1 Bf8 31. Be1 Qc6 32. Qxc6 bxc6 33. Kf1 Rd8 34.
Rc4 Be7 35. Kf2 Kg7 36. Bc3 h5 37. g3 fxg3+ 38. hxg3 h4 39. gxh4 Bxh4+ 40. Kg2
Bg5 41. Kg3 Bf4+ 42. Kf2 Bg5 43. Bf1 Bh4+ 44. Kg2 Bg5 45. Rc5 Bf4 46. Bxa6 Rh8
47. Bxd4 Rh2+ 48. Kg1 exd4 49. Rxc6 Rxb2 50. Bc4 Rxb4 51. a6 Ra4 52. Kf1 Ra3
53. Ke2 g5 54. Bd3 Ra2+ 55. Rc2 Ra3 56. Rb2 Kf6 57. Bc4 Bd6 58. Rb6 d3+ 59.
Bxd3 Ra2+ 60. Kd1 Ke5 61. Bc4 Ra4 62. Bb3 Ra5 63. Ke2 Bc5 64. Rg6 Ra3 65. Rxg5+
Kd6 66. Rg6+ Ke5 67. Kd3 Rxb3+ 68. Kc4 Rxf3 69. Kxc5 Ra3 70. Kb6 Kxe4 71. a7
Kd5 72. Kb7 Rb3+ 73. Rb6 1-0

[Event "Aut_chT1112"]
[Site "Jenbach"]
[Date "2012.03.02"]
[Round "5"]
[Board "4"]
[White "Diermair, Andreas"]
[Black "Schroll, Gerhard"]
[Result "1/2-1/2"]
[WhiteElo "2416"]
[BlackElo "2388"]
[PlyCount "60"]
[EventDate "2012.01.20"]
[EventType "team"]
[EventRounds "11"]
[EventCountry "AUT"]
[WhiteTeam "SV Raika Rapid Feffernitz"]
[BlackTeam "SK Zwettl"]

1. Nf3 Nf6 2. c4 e6 3. g3 d5 4. d4 c5 5. Bg2 Nc6 6. O-O Be7 7. cxd5 exd5 8.
dxc5 Bxc5 9. Nc3 O-O 10. Na4 Be7 11. b3 Re8 12. Bb2 Bg4 13. Rc1 Rc8 14. a3 Ne4
15. Qd3 Bf6 16. Bxf6 Qxf6 17. h3 Bh5 18. Nc3 Nxc3 19. Rxc3 Bg6 20. Qd2 Rcd8 21.
e3 Be4 22. Nd4 Nxd4 23. Qxd4 Qxd4 24. exd4 Bxg2 25. Kxg2 Rd7 26. Re1 Kf8 27.
Rxe8+ Kxe8 28. Rc8+ Rd8 29. Rc7 Rd7 30. Rc8+ Rd8 1/2-1/2

[Event "Aut_chT1112"]
[Site "Jenbach"]
[Date "2012.03.02"]
[Round "5"]
[Board "5"]
[White "Pisk, Petr"]
[Black "Schreiner, Peter"]
[Result "1/2-1/2"]
[WhiteElo "2385"]
[BlackElo "2377"]
[PlyCount "61"]
[EventDate "2012.01.20"]
[EventType "team"]
[EventRounds "11"]
[EventCountry "AUT"]
[WhiteTeam "SK Zwettl"]
[BlackTeam "SV Raika Rapid Feffernitz"]

1. e4 e5 2. Nf3 Nc6 3. Bb5 Nf6 4. O-O Nxe4 5. Re1 Nd6 6. Nxe5 Be7 7. Bf1 Nxe5
8. Rxe5 O-O 9. d4 Bf6 10. Re1 Nf5 11. c3 d5 12. Bf4 c6 13. Nd2 Nh4 14. Bd3 Bf5
15. Bxf5 Nxf5 16. Nf3 Qd7 17. Qd3 Rfe8 18. a4 Nh4 19. Nxh4 Bxh4 20. Kf1 h5 21.
h3 a6 22. b3 Rxe1+ 23. Rxe1 Re8 24. Rxe8+ Qxe8 25. Qe2 Qxe2+ 26. Kxe2 f5 27. f3
Kf7 28. g4 hxg4 29. hxg4 fxg4 30. fxg4 Be7 31. Be5 1/2-1/2